000 00700cam a2200229 a 4500
003 URS
005 20230411093757.0
008 911009s1992 ctuab be 001 0deng
020 _a0717201368 (set)
040 _aDLC
041 _aeng
050 0 0 _aAE 5
_b.E333 2003
245 0 4 _aThe Encyclopedia Americana
250 _aInternational edition
264 1 _aDanbury, Connecticut
_bGrolier
_c©2003
300 _a30 volumes :
_billustrations (some colour), maps (some colour) ;
_c27 cm
500 _a"First published in 1829."
504 _aIncludes bibliographical references and an index
650 0 _aEncyclopedias and dictionaries.
710 2 _aGrolier Incorporated.
942 _2lcc
_cREF
999 _c69178
_d69177